[Event "Heraklion Gazi op"]
[Site "Heraklion"]
[Date "2006.09.02"]
[Round "3"]
[White "Vourvahaki, Maria"]
[Black "Raptopoulos, Orestis"]
[Result "1-0"]
[WhiteElo "1005"]
[BlackElo "1005"]
[PlyCount "53"]
[EventDate "2006.08.31"]
[EventType "swiss"]
[EventRounds "7"]
[EventCountry "GRE"]
[SourceTitle "EXT 2008"]
[Source "ChessBase"]
[SourceDate "2007.11.25"]
[SourceVersion "1"]
[SourceVersionDate "2007.11.25"]
[SourceQuality "1"]

1. e4 e5 2. Nf3 Nc6 3. Bc4 Nf6 4. Nc3 Bb4 5. Ng5 Bxc3 6. Nxf7 Qe7 7. Nxh8 Nxe4 8. dxc3 d6 9. Qe2 Qh4 10. g3 Qh3 11. Qxe4 Qg2 12. Qxg2 Na5 13. Bb5+ Bd7 14. Bxd7+ Kxd7 15. b4 Nc4 16. Qxb7 Rxh8 17. Qb5+ c6 18. Qxc4 d5 19. Qg4+ Kd6 20. Qxg7 Re8 21. Qxh7 d4 22. Ba3 c5 23. bxc5+ Kd5 24. Qf7+ Ke4 25. Qxe8 dxc3 26. c6 a5 27. c7 1-0